Inferences and text comprehension
Salvato in:
| Autori principali: | , |
|---|---|
| Natura: | Libro |
| Lingua: | inglese |
| Pubblicazione: |
San Diego
Academy Press
1990
|
| Soggetti: | |
| Tags: |
Aggiungi Tag
Nessun Tag, puoi essere il primo ad aggiungerne!!
|
MARC
| LEADER | 00000nam a2200000 a 4500 | ||
|---|---|---|---|
| 001 | UCJ2918 | ||
| 003 | CL-VaPUC | ||
| 008 | 070119e19900000US |||||||||||||||||eng|d | ||
| 020 | |a 0125319592 | ||
| 082 | 0 | 4 | |a 153.432 |b GRA |2 21 |
| 100 | |a Graesser, Arthur C |e author |9 577158 | ||
| 700 | 0 | |a Bower, Gordon H |e author |9 503985 | |
| 245 | 1 | 0 | |a Inferences and text comprehension |
| 300 | |a 340 p | ||
| 942 | |c BK | ||
| 945 | |d 20070119 00:00:00 |a jtorresc | ||
| 260 | |a San Diego |b Academy Press |c 1990 | ||
| 500 | |a Donación de la Dra. Marianne Peronard Thierry | ||
| 650 | 0 | |a Inferencia |9 378435 | |
| 650 | 7 | |a RAZONAMIENTO INDUCTIVO |2 CL-VaPUC |9 421901 | |
| 650 | 0 | |a Comprensión de lectura |9 307588 | |
| 583 | |a last modification |c 20070119 00:00:00 |k Rodrigo Vera | ||
| 999 | |c 319047 |d 319045 | ||
| 952 | |0 0 |1 0 |4 0 |6 153_432000000000000_GRA_1990 |7 0 |8 A |9 397282 |a FDOPOS |b FDOPOS |d 2019-11-22 |i 4318080 |o 153.432 GRA 1990 |p 4318080 |r 2025-01-22 |w 2019-11-22 |y BK |k MLA | ||